|
|
|
|
| LEADER |
00000cam a2200000 7i4500 |
| 001 |
0000004475 |
| 005 |
20081114093000.0 |
| 008 |
081114s2005 njua eng |
| 020 |
|
|
|a 013087390X
|
| 020 |
|
|
|a 9780130873903
|
| 090 |
0 |
0 |
|a QA76.575
|b .L49 2005
|
| 100 |
1 |
|
|a Lewis, Richard ,
|e author
|
| 245 |
1 |
0 |
|a Digital media :
|b an introduction
|c Richard Lewis, James Luciana
|
| 260 |
|
|
|a New Jersey :
|b Pearson Prentice Hall ,
|c c2005
|
| 300 |
|
|
|a xvii, 362 p. :
|b ill. ;
|c 29 cm.
|
| 500 |
|
|
|a Includes index
|
| 505 |
0 |
|
|a 1. Introduction - the artist and the computer -- 2. The Hardware - the history of computers:from calculators to multimedia - inside the box : the computer - outside the box:hard and soft copy -- 3. The digital media - the pioneers of digital art - digital layout and design - image editing - digital painting - vector drawing and illustration - animation: up and running - 3-D modeling and animation - the internet and the world wide web: a brief history - designing for the web:tools and technologies -- 4. Epiogue - the digital studio:artist portfolios
|
| 650 |
|
0 |
|a Digital media
|
| 650 |
|
0 |
|a Multimedia systems
|
| 700 |
1 |
|
|a Luciana, James ,
|e author
|
| 999 |
|
|
|a 1000105419
|b Book
|c OPEN SHELF (30 DAYS)
|e Tembila Campus
|
| 999 |
|
|
|a 1000108156
|b Book
|c OPEN SHELF (30 DAYS)
|e Tembila Campus
|